000 003830000a22001690004500
003 LK-CoMWRAF
008 230817t ||||| |||| 00| 0 eng d
040 _aLK-CoMWRAF
_dLK-CoMWRAF
_eLK-CoMWRAF
041 _aeng
082 _a021
_bLAK
100 _aLuxmi
245 _aArrakku Maaligai
_b
250 _a5th ed.
260 _aIndia
_bPoonkadi
_c1993
300 _ap.500
942 _cBK
999 _c493
_d493